| 000 | 00624nam a2200181Ia 4500 | ||
|---|---|---|---|
| 003 | GCL | ||
| 008 | 140319s9999 xx 000 0 ara d | ||
| 040 |
_aGCL / _cGCL |
||
| 082 | 0 | 4 |
_a953.508 _bح م |
| 100 | 1 | _aحمدى تمام | |
| 245 | 1 | 0 |
_aموسوعة زايد / _cحمدى تمام |
| 490 |
_aالهيئة العامة للاستعلامات _v0 |
||
| 650 | 0 | 4 | _aزايد بن سلطان ال نهيان |
| 650 | 0 | 4 | _aالامارات العربية - تاريخ |
| 650 | 0 | 4 | _aالامارات العربية - العصر الحدث |
| 650 | 0 | 4 | _aالامارات العربية - التنمية |
| 942 |
_2ddc _cBK |
||
| 999 |
_c50212 _d50212 |
||